[Event "Karlsruhe Grenke op"]
[Site "Karlsruhe"]
[Date "2019.04.20"]
[Round "4"]
[White "Kerem, Halil Ozgun"]
[Black "Percivaldi, Martin"]
[Result "1-0"]
[WhiteElo "2223"]
[BlackElo "2388"]
[PlyCount "75"]
[EventDate "2019.04.18"]
[EventType "swiss"]
[EventRounds "9"]
[EventCountry "GER"]
[SourceTitle "CBM 189 Extra"]
[Source "ChessBase"]
[SourceDate "2019.05.31"]
[SourceVersion "1"]
[SourceVersionDate "2019.05.31"]
[SourceQuality "1"]

1. Nf3 e6 2. g3 b5 3. Bg2 Bb7 4. 0-0 Nf6 5. d3 Be7 6. e4 d6 7. Nd4 c6 8. a4 b4 9. Nb3 0-0 10. Qe1 d5 11. e5 Nfd7 12. f4 Qc7 13. Be3 c5 14. N1d2 Nc6 15. Nf3 Ba6 16. Qe2 c4 17. Nbd4 Nxd4 18. Nxd4 Nc5 19. Nb5 Bxb5 20. axb5 cxd3 21. cxd3 Nb3 22. Ra6 Bc5 23. Rc6 Bxe3+ 24. Qxe3 Qe7 25. f5 Rfc8 26. Rd6 Rd8 27. fxe6 Rxd6 28. exd6 Qxe6 29. Qf3 Rd8 30. Qxd5 g6 31. Qxe6 fxe6 32. Rf4 Rxd6 33. Rxb4 Rxd3 34. Bf1 Rf3 35. Be2 Re3 36. Kf2 Na1 37. Ra4 Nc2 38. Rc4 1-0

[Event "Karlsruhe Grenke op"]
[Site "Karlsruhe"]
[Date "2019.04.19"]
[Round "2"]
[White "Kerem, Halil Ozgun"]
[Black "Monroy, Charles"]
[Result "1/2-1/2"]
[WhiteElo "2223"]
[BlackElo "2433"]
[PlyCount "74"]
[EventDate "2019.04.18"]
[EventType "swiss"]
[EventRounds "9"]
[EventCountry "GER"]
[SourceTitle "CBM 189 Extra"]
[Source "ChessBase"]
[SourceDate "2019.05.31"]
[SourceVersion "1"]
[SourceVersionDate "2019.05.31"]
[SourceQuality "1"]

1. Nf3 Nf6 2. g3 g6 3. Bg2 Bg7 4. d4 d6 5. 0-0 0-0 6. c4 Nc6 7. Nc3 a6 8. h3 Bd7 9. e4 e5 10. dxe5 dxe5 11. Re1 Be6 12. Nd5 Nd7 13. Be3 Re8 14. Rc1 Nf8 15. b4 f5 16. b5 axb5 17. cxb5 fxe4 18. bxc6 bxc6 19. Nb4 Qxd1 20. Rexd1 exf3 21. Bxf3 Ra5 22. Kh2 Bf7 23. Bxc6 Rb8 24. Rb1 Ne6 25. Nd5 Rd8 26. Nc3 Nd4 27. Bg5 Rf8 28. Bg2 Be6 29. Rd2 c5 30. Rb7 Ra3 31. Ne4 Rxa2 32. Rxa2 Bxa2 33. Be7 Nf3+ 34. Bxf3 Rxf3 35. Rb8+ Bf8 36. Bxf8 Rxf8 37. Rxf8+ Kxf8 1/2-1/2

[Event "Karlsruhe Grenke op"]
[Site "Karlsruhe"]
[Date "2019.04.19"]
[Round "3"]
[White "Krause, Benedict"]
[Black "Kerem, Halil Ozgun"]
[Result "1/2-1/2"]
[WhiteElo "2435"]
[BlackElo "2223"]
[PlyCount "103"]
[EventDate "2019.04.18"]
[EventType "swiss"]
[EventRounds "9"]
[EventCountry "GER"]
[SourceTitle "CBM 189 Extra"]
[Source "ChessBase"]
[SourceDate "2019.05.31"]
[SourceVersion "1"]
[SourceVersionDate "2019.05.31"]
[SourceQuality "1"]

1. e4 c5 2. Nf3 d6 3. d4 cxd4 4. Nxd4 Nf6 5. Nc3 a6 6. Bg5 e6 7. f4 Qc7 8. Qe2 Nbd7 9. 0-0-0 b5 10. a3 Bb7 11. g4 Be7 12. f5 e5 13. Bxf6 gxf6 14. Nb3 h5 15. gxh5 Bf8 16. h4 Rc8 17. Rh3 Nb6 18. Kb1 Bh6 19. Na5 Ba8 20. Rhd3 Rd8 21. Qe1 Ke7 22. Bg2 Rhg8 23. Bf3 Nc4 24. Nxc4 bxc4 25. Nd5+ Bxd5 26. Rxd5 Rd7 27. Be2 Bf4 28. Qc3 Rc8 29. Ka2 Qc6 30. Kb1 Bh6 31. b3 cxb3 32. Qxc6 Rxc6 33. cxb3 Rb7 34. Kb2 Be3 35. R5d3 Bd4+ 36. Rxd4 exd4 37. Rxd4 Rbc7 38. Bc4 Kf8 39. Kc3 Kg7 40. b4 Kh6 41. a4 Kxh5 42. b5 axb5 43. axb5 Rb6 44. Kb4 Ra7 45. Be2+ Kh6 46. Rd2 Ra1 47. Rc2 Rb8 48. Rc7 Rb1+ 49. Ka5 Ra1+ 50. Kb4 Rb1+ 51. Ka5 Ra1+ 52. Kb4 1/2-1/2

[Event "World ol U16"]
[Site "Konya"]
[Date "2018.11.30"]
[Round "7.6"]
[White "Kerem, Halil Ozgun"]
[Black "Parkhov, Yair"]
[Result "0-1"]
[WhiteElo "2248"]
[BlackElo "2330"]
[PlyCount "110"]
[EventDate "2018.11.25"]
[EventType "team-swiss"]
[EventRounds "9"]
[EventCountry "TUR"]
[SourceTitle "CBM 187 Extra"]
[Source "ChessBase"]
[SourceDate "2018.11.04"]
[SourceVersion "1"]
[SourceVersionDate "2018.11.04"]
[SourceQuality "1"]
[WhiteTeam "Turkey White"]
[BlackTeam "Israel"]
[WhiteTeamCountry "TUR"]
[BlackTeamCountry "ISR"]

1. d4 Nf6 2. Bf4 e6 3. e3 d5 4. Nd2 c5 5. c3 Nc6 6. Ngf3 Bd6 7. Bg3 Be7 8. h3 Bd6 9. Bxd6 Qxd6 10. Bd3 0-0 11. 0-0 e5 12. dxe5 Nxe5 13. Nxe5 Qxe5 14. a4 Bf5 15. Nf3 Qe6 16. Bxf5 Qxf5 17. Qb3 Qd7 18. Rfd1 Qc6 19. Rd2 Qb6 20. Qb5 Rfe8 21. Rad1 Qxb5 22. axb5 a6 23. bxa6 Rxa6 24. Ne1 g5 25. g3 h6 26. Nf3 Kg7 27. Nh2 Ra2 28. b4 Rxd2 29. Rxd2 c4 30. Ra2 Ne4 31. Ra3 Re6 32. f3 Nd2 33. Ra5 Nb1 34. Rxd5 Nxc3 35. Rc5 b5 36. Ng4 Na4 37. Rc7 h5 38. Nf2 Rxe3 39. Kg2 Nc3 40. Rc5 f6 41. Ne4 Nxe4 42. fxe4 Rxe4 43. Rxb5 Re2+ 44. Kf3 Rh2 45. Rc5 h4 46. g4 Rxh3+ 47. Ke4 Rg3 48. Kf5 Rf3+ 49. Ke6 Re3+ 50. Kd6 c3 51. b5 h3 52. b6 h2 53. b7 Re8 54. Rc8 h1Q 55. b8Q Qh2+ 0-1

[Event "World ol U16"]
[Site "Konya"]
[Date "2018.11.27"]
[Round "4.18"]
[White "Kerem, Halil Ozgun"]
[Black "Jakab, Bela"]
[Result "1/2-1/2"]
[WhiteElo "2248"]
[BlackElo "2290"]
[PlyCount "69"]
[EventDate "2018.11.25"]
[EventType "team-swiss"]
[EventRounds "9"]
[EventCountry "TUR"]
[SourceTitle "CBM 187 Extra"]
[Source "ChessBase"]
[SourceDate "2018.11.04"]
[SourceVersion "1"]
[SourceVersionDate "2018.11.04"]
[SourceQuality "1"]
[WhiteTeam "Turkey White"]
[BlackTeam "Slovakia"]
[WhiteTeamCountry "TUR"]
[BlackTeamCountry "SVK"]

1. d4 d5 2. Bf4 c6 3. e3 Nf6 4. c4 Bg4 5. Qb3 Qb6 6. c5 Qxb3 7. axb3 Nbd7 8. h3 Bh5 9. b4 e6 10. Nc3 Ne4 11. Nge2 Bxe2 12. Bxe2 g5 13. Bh2 Nxc3 14. bxc3 Bg7 15. Bd6 Bf8 16. Bg3 Bg7 17. h4 h6 18. hxg5 hxg5 19. Rxh8+ Bxh8 20. Bd6 Nf6 21. f3 Kd7 22. b5 Ne8 23. Bg3 Nc7 24. bxc6+ Kxc6 25. Kd2 b6 26. cxb6 axb6 27. Rh1 Bg7 28. Rh7 Ra2+ 29. Kd3 Ne8 30. e4 f5 31. exf5 exf5 32. Bb8 Ra8 33. Be5 Bxe5 34. dxe5 Nc7 35. Rf7 1/2-1/2

[Event "World ol U16"]
[Site "Konya"]
[Date "2018.11.26"]
[Round "3.15"]
[White "Muradli, Mahammad"]
[Black "Kerem, Halil Ozgun"]
[Result "1/2-1/2"]
[WhiteElo "2420"]
[BlackElo "2248"]
[PlyCount "115"]
[EventDate "2018.11.25"]
[EventType "team-swiss"]
[EventRounds "9"]
[EventCountry "TUR"]
[SourceTitle "CBM 187 Extra"]
[Source "ChessBase"]
[SourceDate "2018.11.04"]
[SourceVersion "1"]
[SourceVersionDate "2018.11.04"]
[SourceQuality "1"]
[WhiteTeam "Azerbaijan"]
[BlackTeam "Turkey White"]
[WhiteTeamCountry "AZE"]
[BlackTeamCountry "TUR"]

1. d4 Nf6 2. c4 e6 3. Nf3 d5 4. Nc3 a6 5. cxd5 exd5 6. Qb3 b5 7. Bg5 Be6 8. Qc2 Nbd7 9. e3 c5 10. dxc5 Bxc5 11. Bd3 h6 12. Bh4 0-0 13. 0-0 Rc8 14. a3 g5 15. Bg3 Nh5 16. Rfd1 Nxg3 17. hxg3 Qf6 18. Rac1 Ne5 19. Nxe5 Qxe5 20. Qd2 d4 21. exd4 Bxd4 22. Bh7+ Kxh7 23. Qxd4 Qxd4 24. Rxd4 Rc6 25. Rcd1 Rfc8 26. f3 Kg7 27. g4 Rc4 28. Ne4 Rc2 29. Nd6 R8c6 30. R1d2 Kf6 31. Kf2 Ke5 32. Re4+ Kf6 33. Red4 Ke5 34. Re4+ Kf6 35. Ree2 Rxd2 36. Rxd2 Ke5 37. Ne4 Bxg4 38. b4 Bf5 39. Nc5 a5 40. g4 axb4 41. axb4 Be6 42. Rd8 Rd6 43. Rb8 Bc4 44. Ke3 Rd1 45. Rb6 Re1+ 46. Kf2 Re2+ 47. Kg3 Rb2 48. Rxh6 Rxb4 49. Ne4 Rb1 50. Nxg5 b4 51. Rb6 b3 52. Ne4 Rg1+ 53. Kf2 Rf1+ 54. Kg3 Rg1+ 55. Kf2 Rf1+ 56. Kg3 Rg1+ 57. Kf2 Rf1+ 58. Kg3 1/2-1/2

[Event "Riga Tech op 8th"]
[Site "Riga"]
[Date "2018.08.06"]
[Round "1"]
[White "Kerem, Halil Ozgun"]
[Black "Schroeder, Jan Christian"]
[Result "0-1"]
[WhiteElo "2194"]
[BlackElo "2573"]
[PlyCount "106"]
[EventDate "2018.08.06"]
[EventType "swiss"]
[EventRounds "9"]
[EventCountry "LAT"]
[SourceTitle "CBM 185 Extra"]
[Source "ChessBase"]
[SourceDate "2018.07.29"]
[SourceVersion "1"]
[SourceVersionDate "2018.07.29"]
[SourceQuality "1"]

1. d4 d5 2. Bf4 Nf6 3. e3 c5 4. c3 Nc6 5. Nd2 Bf5 6. Ngf3 Qb6 7. Nh4 Bd7 8. Qb3 Rc8 9. dxc5 Qxb3 10. axb3 e5 11. Bg5 Ne4 12. Nhf3 f6 13. Bh4 g5 14. Bg3 h5 15. h3 Nxg3 16. fxg3 e4 17. Nd4 Bxc5 18. Bb5 f5 19. 0-0 h4 20. gxh4 Rxh4 21. b4 Bxd4 22. exd4 a6 23. Bxc6 Rxc6 24. b5 axb5 25. Ra8+ Rc8 26. Ra7 Rc7 27. Nb3 f4 28. Nc5 Bc8 29. Na6 Rf7 30. Nb4 Rf5 31. Ra8 Kd8 32. g4 Rf7 33. Nxd5 Rxh3 34. Nb6 Rc7 35. d5 Rd3 36. Re1 e3 37. Kg2 Rd2+ 38. Kf3 Rc4 39. Nxc4 bxc4 40. Ke4 Kc7 41. Ke5 Bxg4 42. Ra4 e2 43. Rxc4+ Kd7 44. Rh1 Rxd5+ 45. Kf6 Rd1 46. Rh7+ Kd6 47. Re4 e1Q 48. Rxe1 Rxe1 49. Kxg5 f3 50. Rh2 Bd7 51. Rf2 Bc6 52. b4 Re2 53. Rf1 f2 0-1

[Event "TUR-chT 1st League"]
[Site "Konya"]
[Date "2018.07.19"]
[Round "6.2"]
[White "Sahin, Doga Boran"]
[Black "Kerem, Halil Ozgun"]
[Result "0-1"]
[WhiteElo "2059"]
[BlackElo "2192"]
[PlyCount "108"]
[EventDate "2018.07.16"]
[EventType "team-swiss"]
[EventRounds "9"]
[EventCountry "TUR"]
[SourceTitle "EXT 2019"]
[Source "ChessBase"]
[SourceDate "2018.10.10"]
[SourceVersion "1"]
[SourceVersionDate "2018.10.10"]
[SourceQuality "1"]
[WhiteTeam "Tatvan Egitimi"]
[BlackTeam "Berk Tugra Caliskan"]
[WhiteTeamCountry "TUR"]
[BlackTeamCountry "TUR"]

1. e4 c5 2. Nf3 d6 3. d4 cxd4 4. Nxd4 Nf6 5. Nc3 a6 6. Bg5 e6 7. f4 Nbd7 8. Qf3 Qc7 9. 0-0-0 b5 10. Bd3 Bb7 11. Rhe1 Qb6 12. Bxf6 gxf6 13. Nd5 Qxd4 14. Bxb5 Qc5 15. b4 Qxb5 16. Nc7+ Ke7 17. Nxb5 axb5 18. Qd3 Ra6 19. Qxb5 Rb6 20. Qh5 Rxb4 21. e5 dxe5 22. fxe5 Nxe5 23. Rxe5 fxe5 24. c3 Re4 25. g4 Bg7 26. Rd7+ Kxd7 27. Qxf7+ Kc8 28. Qxe6+ Kb8 29. Qd6+ Ka7 30. Qc5+ Ka6 31. Qa3+ Kb6 32. Qb3+ Kc7 33. Qf7+ Kb8 34. Qxg7 Rc8 35. Qe7 Rxc3+ 36. Kb2 Rc6 37. Qf8+ Ka7 38. Qa3+ Ra6 39. Qc5+ Rb6+ 40. Kc1 Rc4+ 41. Qxc4 Rc6 42. Qxc6 Bxc6 43. Kd2 Kb6 44. g5 Kc5 45. h4 Kd4 46. h5 Be8 47. g6 Bxg6 48. hxg6 hxg6 49. a4 g5 50. a5 Kc5 51. Ke3 Kb5 52. Ke4 g4 53. Ke3 Kxa5 54. Kf2 e4 0-1

[Event "TUR-chT 1st League"]
[Site "Konya"]
[Date "2018.07.17"]
[Round "3.5"]
[White "Koc, Dogan Mehmet"]
[Black "Kerem, Halil Ozgun"]
[Result "0-1"]
[WhiteElo "1799"]
[BlackElo "2192"]
[PlyCount "108"]
[EventDate "2018.07.16"]
[EventType "team-swiss"]
[EventRounds "9"]
[EventCountry "TUR"]
[SourceTitle "EXT 2019"]
[Source "ChessBase"]
[SourceDate "2018.10.10"]
[SourceVersion "1"]
[SourceVersionDate "2018.10.10"]
[SourceQuality "1"]
[WhiteTeam "Malatya Yesilyurt"]
[BlackTeam "Berk Tugra Caliskan"]
[WhiteTeamCountry "TUR"]
[BlackTeamCountry "TUR"]

1. e4 c5 2. Nf3 d6 3. Bb5+ Nd7 4. 0-0 a6 5. Bd3 Ngf6 6. a4 b6 7. c3 Bb7 8. Re1 Qc7 9. Bc2 Rc8 10. Na3 e6 11. d4 cxd4 12. cxd4 d5 13. e5 Bxa3 14. exf6 Nxf6 15. Bd3 Bb4 16. Bd2 Bxd2 17. Qxd2 0-0 18. a5 Ne4 19. Qe2 bxa5 20. Nd2 Qb6 21. Qe3 Qb4 22. Nxe4 dxe4 23. Bxe4 Bxe4 24. Qxe4 Rfd8 25. Qd3 Qxb2 26. Rxa5 Qb4 27. Raa1 Rxd4 28. Qxa6 Rcd8 29. h3 h6 30. Rab1 Qe7 31. Qf1 Qf6 32. Red1 e5 33. Rxd4 Rxd4 34. Qe2 g6 35. Qe3 Kg7 36. Rf1 g5 37. f3 Qf4 38. Re1 Kf6 39. Qxf4+ gxf4 40. Re2 h5 41. h4 Ke6 42. Kf2 f6 43. Ra2 Rd1 44. g3 Kf5 45. gxf4 Kxf4 46. Ra4+ Rd4 47. Ra6 f5 48. Rh6 Rd3 49. Rxh5 Rxf3+ 50. Kg2 e4 51. Rg5 Ra3 52. Rg8 Ra2+ 53. Kg1 e3 54. h5 Ra1+ 0-1

[Event "TUR Cup										"]
[Site "Antalya"]
[Date "2018.02.01"]
[Round "8"]
[White "Gozubuyukoglu, Selami"]
[Black "Kerem, Halil Ozgun"]
[Result "1/2-1/2"]
[WhiteElo "1843"]
[BlackElo "2132"]
[PlyCount "114"]
[EventDate "2018.01.27"]
[EventType "swiss"]
[EventRounds "11"]
[EventCountry "TUR"]
[SourceTitle "CBM 182 Extra"]
[Source "ChessBase"]
[SourceDate "2018.02.23"]
[SourceVersion "1"]
[SourceVersionDate "2018.02.23"]
[SourceQuality "1"]

1. d4 Nf6 2. c4 e6 3. Nf3 d5 4. Nc3 a6 5. e3 Be7 6. Bd3 0-0 7. 0-0 dxc4 8. Bxc4 b5 9. Bd3 Bb7 10. a3 c5 11. dxc5 Bxc5 12. b4 Bd6 13. Bb2 Qe7 14. Qe2 Nbd7 15. Rfd1 Rfd8 16. Bc2 Bxf3 17. Qxf3 Ne5 18. Qe2 Nc4 19. Be4 Nxe4 20. Nxe4 Bxh2+ 21. Kxh2 Qh4+ 22. Kg1 Qxe4 23. Bd4 Rd5 24. f3 Qh4 25. e4 Rd7 26. Bf2 Qd8 27. Rxd7 Qxd7 28. a4 Rd8 29. axb5 axb5 30. Ra7 Qc6 31. Qa2 Qd6 32. Qa6 Qxb4 33. Qb7 Rf8 34. Qc7 Qd6 35. Qxd6 Nxd6 36. Bc5 Nc8 37. Rb7 Re8 38. Rxb5 e5 39. Rb8 g6 40. Ba3 Kg7 41. Bb2 f6 42. Ba3 Kf7 43. Rb7+ Ne7 44. Kf2 h5 45. Ra7 Ke6 46. Ra6+ Kf7 47. Ra7 h4 48. Kg1 Ke6 49. Ra6+ Kf7 50. Ra7 Ke6 51. Ra6+ Kf7 52. Ra7 g5 53. Kh2 Ke6 54. Ra6+ Kf7 55. Ra7 Ke6 56. Ra6+ Kf7 57. Ra7 Ke6 1/2-1/2

[Event "TUR Cup										"]
[Site "Antalya"]
[Date "2018.01.27"]
[Round "1"]
[White "Kerem, Halil Ozgun"]
[Black "Yilmaz, Cumhur"]
[Result "1-0"]
[WhiteElo "2132"]
[BlackElo "1661"]
[PlyCount "79"]
[EventDate "2018.01.27"]
[EventType "swiss"]
[EventRounds "11"]
[EventCountry "TUR"]
[SourceTitle "CBM 182 Extra"]
[Source "ChessBase"]
[SourceDate "2018.02.23"]
[SourceVersion "1"]
[SourceVersionDate "2018.02.23"]
[SourceQuality "1"]

1. Nf3 d5 2. g3 Nf6 3. Bg2 c6 4. 0-0 e6 5. d4 Bd6 6. c4 Nbd7 7. Nc3 0-0 8. Qd3 Re8 9. e4 dxe4 10. Nxe4 Nxe4 11. Qxe4 e5 12. Bg5 Be7 13. Bxe7 Qxe7 14. Rfe1 Qb4 15. dxe5 Qxb2 16. Ng5 Nf8 17. Qf3 Re7 18. Rad1 Be6 19. Nxe6 Nxe6 20. Qb3 Qxb3 21. axb3 c5 22. Rd5 Rc8 23. Bh3 Kf8 24. f4 Rcc7 25. Bxe6 fxe6 26. Rd8+ Kf7 27. Red1 Re8 28. R8d6 Ree7 29. Kf2 Ke8 30. Rd8+ Kf7 31. Ke3 Rc6 32. R1d6 Rcc7 33. g4 a6 34. Ke4 g6 35. f5 gxf5+ 36. gxf5 exf5+ 37. Kxf5 Kg7 38. e6 h6 39. R6d7 Rcxd7 40. Rxd7 1-0

[Event "TUR-chT 2nd League"]
[Site "Konya"]
[Date "2017.07.17"]
[Round "1.3"]
[White "Bacak, Ahmet Yagiz"]
[Black "Kerem, Halil Ozgun"]
[Result "0-1"]
[WhiteElo "1859"]
[BlackElo "2074"]
[PlyCount "90"]
[EventDate "2017.07.17"]
[EventType "team-swiss"]
[EventRounds "9"]
[EventCountry "TUR"]
[SourceTitle "CBM 179 Extra"]
[Source "ChessBase"]
[SourceDate "2017.08.23"]
[SourceVersion "1"]
[SourceVersionDate "2017.08.23"]
[SourceQuality "1"]
[WhiteTeam "Mersin Zeka"]
[BlackTeam "Dogukisla Izcilik"]
[WhiteTeamCountry "TUR"]
[BlackTeamCountry "TUR"]

1. d4 Nf6 2. Nf3 e6 3. c4 a6 4. Nc3 d5 5. cxd5 exd5 6. Bf4 c6 7. e3 Bf5 8. Be2 Be7 9. 0-0 Nbd7 10. Qb3 Ra7 11. Ne5 0-0 12. Nxd7 Qxd7 13. Qb6 Raa8 14. Qc7 Qxc7 15. Bxc7 Ne4 16. Nxe4 Bxe4 17. Rac1 a5 18. Rfd1 a4 19. a3 f6 20. Bb6 Kf7 21. Bc5 Bxc5 22. Rxc5 Ke7 23. Bd3 Bxd3 24. Rxd3 Ra7 25. Kf1 Rfa8 26. Ke2 Kd6 27. b4 axb3 28. Rxb3 Kc7 29. Rcc3 Ra4 30. Kd2 f5 31. Ke2 Rc4 32. Kd3 b5 33. f4 Re8 34. Kd2 Re6 35. Rxc4 dxc4 36. Rb2 c3+ 37. Kxc3 Rxe3+ 38. Kb4 Rd3 39. g3 Rxd4+ 40. Kc3 Re4 41. Rd2 Re3+ 42. Kb2 g6 43. Ka2 c5 44. Kb2 Kc6 45. Ka2 c4 0-1

[Event "Cesme op 5th"]
[Site "Cesme"]
[Date "2017.06.18"]
[Round "9"]
[White "Ozen, Bahadir"]
[Black "Kerem, Halil Ozgun"]
[Result "1/2-1/2"]
[WhiteElo "2332"]
[BlackElo "2050"]
[PlyCount "74"]
[EventDate "2017.06.12"]
[EventType "swiss"]
[EventRounds "9"]
[EventCountry "TUR"]
[SourceTitle "CBM 178 Extra"]
[Source "ChessBase"]
[SourceDate "2017.06.22"]
[SourceVersion "1"]
[SourceVersionDate "2017.06.22"]
[SourceQuality "1"]

1. g3 e5 2. Bg2 Nc6 3. d3 Bc5 4. Nf3 d6 5. 0-0 Nge7 6. c3 0-0 7. d4 Bb6 8. dxe5 Nxe5 9. Nxe5 dxe5 10. Na3 Qxd1 11. Rxd1 c6 12. Nc4 Bc7 13. b3 f6 14. Ba3 Kf7 15. Nd6+ Bxd6 16. Rxd6 Re8 17. e4 a5 18. Rad1 a4 19. Bc5 axb3 20. axb3 Be6 21. c4 Ra2 22. Bf1 Bg4 23. R1d2 Rxd2 24. Rxd2 Ra8 25. Kg2 Ng6 26. h3 Be6 27. Be2 Ke8 28. Bh5 Ra6 29. Rd6 Bd7 30. Rd2 b6 31. Be3 Ke7 32. b4 Nf8 33. Be2 Ne6 34. b5 cxb5 35. cxb5 Ra7 36. Bxb6 Rb7 37. Be3 Bxb5 1/2-1/2

[Event "Cesme op 5th"]
[Site "Cesme"]
[Date "2017.06.13"]
[Round "2"]
[White "Kerem, Halil Ozgun"]
[Black "Khamrakulov, Djurabek"]
[Result "1/2-1/2"]
[WhiteElo "2050"]
[BlackElo "2478"]
[PlyCount "170"]
[EventDate "2017.06.12"]
[EventType "swiss"]
[EventRounds "9"]
[EventCountry "TUR"]
[SourceTitle "CBM 178 Extra"]
[Source "ChessBase"]
[SourceDate "2017.06.22"]
[SourceVersion "1"]
[SourceVersionDate "2017.06.22"]
[SourceQuality "1"]

1. Nf3 d5 2. g3 g6 3. Bg2 Bg7 4. d4 c5 5. 0-0 cxd4 6. Nxd4 e5 7. Nb3 Ne7 8. c4 d4 9. e3 0-0 10. exd4 exd4 11. Bf4 h6 12. c5 Nbc6 13. Na3 Be6 14. Bd6 Qd7 15. Nc2 Bc4 16. Re1 d3 17. Ne3 Ba6 18. Qd2 Rfe8 19. Be4 Rad8 20. Bxd3 Bxd3 21. Qxd3 Bxb2 22. Rad1 Bg7 23. Qc4 Nf5 24. Nxf5 Qxf5 25. Qf4 Qc2 26. Qd2 Qc4 27. Rxe8+ Rxe8 28. Re1 Rxe1+ 29. Qxe1 Nd4 30. Nxd4 Bxd4 31. Qe8+ Kh7 32. Be5 Bxe5 33. Qxe5 Qxa2 34. h4 h5 35. Qb8 Qa6 36. Kh2 Kg7 37. Kg1 Kh7 38. Kh2 Qa2 39. Qxb7 Qxf2+ 40. Kh1 a5 41. c6 Qf3+ 42. Kh2 a4 43. Qa6 Qf2+ 44. Kh1 Qe1+ 45. Kh2 Qd2+ 46. Kh3 Qc1 47. Kh2 Qc2+ 48. Kh3 Qc1 49. Kh2 a3 50. c7 Qxc7 51. Qxa3 Qc2+ 52. Kg1 Qd1+ 53. Kg2 Qe2+ 54. Kg1 Qe5 55. Kg2 Kg7 56. Qd3 Qb2+ 57. Kg1 Qb7 58. Qd4+ f6 59. Qc3 Qe7 60. Kg2 Qe2+ 61. Kg1 Qe5 62. Qd3 g5 63. hxg5 Qxg5 64. Kf2 Qg4 65. Qe3 Qf5+ 66. Kg2 Qe5 67. Qd3 Qe6 68. Qd2 Qe4+ 69. Kf2 h4 70. Qd7+ Kg6 71. gxh4 Qxh4+ 72. Kg2 Qg5+ 73. Kf2 Qf4+ 74. Kg2 Qe4+ 75. Kf2 Qc2+ 76. Kg3 Qc3+ 77. Kf2 Kg5 78. Qg7+ Kf5 79. Qh7+ Ke5 80. Qh5+ Kd6 81. Qh2+ Ke6 82. Qh8 Qd4+ 83. Kf3 Qd1+ 84. Kf2 Qc2+ 85. Kf3 Qc6+ 1/2-1/2

[Event "Malatya Golden Apricot op 4th"]
[Site "Malatya"]
[Date "2016.08.22"]
[Round "3"]
[White "Guliev, Logman"]
[Black "Kerem, Halil Ozgun"]
[Result "1/2-1/2"]
[WhiteElo "2392"]
[BlackElo "1867"]
[PlyCount "200"]
[EventDate "2016.08.21"]
[EventType "swiss"]
[EventRounds "9"]
[EventCountry "TUR"]
[SourceTitle "CBM 174 Extra"]
[Source "ChessBase"]
[SourceDate "2016.10.10"]
[SourceVersion "1"]
[SourceVersionDate "2016.10.10"]
[SourceQuality "1"]

1. e4 c5 2. Nf3 d6 3. d4 cxd4 4. Nxd4 Nf6 5. Nc3 a6 6. f4 e5 7. Nf3 Nbd7 8. Bd3 b5 9. a3 Be7 10. 0-0 0-0 11. Kh1 Re8 12. Nh4 Nc5 13. fxe5 dxe5 14. Qf3 Be6 15. Bg5 Nxd3 16. cxd3 Nd7 17. Bxe7 Qxe7 18. Nf5 Bxf5 19. Qxf5 Qe6 20. Qf2 Nb6 21. Rad1 Red8 22. d4 exd4 23. Rxd4 Rxd4 24. Qxd4 Re8 25. h3 h6 26. Nd5 Nxd5 27. exd5 Qd6 28. Rd1 Rd8 29. b4 Rd7 30. Qc5 Rd8 31. Rd4 Rd7 32. Qc8+ Rd8 33. Qc3 Qe5 34. Qd2 Rd6 35. Qd1 Qf5 36. Rd3 Qe5 37. Kg1 Qf5 38. Qb3 Qe5 39. Rd1 Qf5 40. Qa2 Qe5 41. Qd2 Qf5 42. Qd4 Qh5 43. Rd3 Qf5 44. Rg3 Qf6 45. Qe4 Qd8 46. Rd3 Qd7 47. Qe5 Qd8 48. Rg3 Qf6 49. Qe8+ Kh7 50. Qe4+ Kg8 51. Rf3 Qd8 52. Rf5 Qd7 53. Re5 g6 54. Re8+ Kg7 55. Qd4+ Rf6 56. Re3 Qd6 57. Rc3 Qf4 58. Qxf4 Rxf4 59. Rc6 a5 60. bxa5 Ra4 61. d6 Rxa3 62. a6 Kf6 63. Rb6 b4 64. d7+ Ke7 65. Rxb4 Rxa6 66. Rb7 Kd8 67. Kf2 Rd6 68. h4 Rxd7 69. Rb6 h5 70. g3 Ke7 71. Ra6 f6 72. Rb6 Kf7 73. Ra6 Kg7 74. Rb6 g5 75. hxg5 fxg5 76. Ra6 Rf7+ 77. Kg2 Rf6 78. Ra5 Kg6 79. Rb5 Rf5 80. Rb6+ Rf6 81. Rb5 Rd6 82. Ra5 Rc6 83. Rb5 Rc2+ 84. Kg1 Kf6 85. Ra5 Re2 86. Rb5 Re5 87. Rb4 Kf5 88. Kg2 Re4 89. Rb2 Kg4 90. Ra2 h4 91. gxh4 Kxh4 92. Rb2 Kg4 93. Ra2 Kf4 94. Rb2 g4 95. Ra2 g3 96. Ra8 Re2+ 97. Kg1 Rb2 98. Rf8+ Kg4 99. Rg8+ Kf4 100. Rf8+ Ke5 1/2-1/2

[Event "Manavgat Turkey Cup"]
[Site "Manavgat"]
[Date "2016.02.04"]
[Round "9"]
[White "Dinc, Melih"]
[Black "Kerem, Halil Ozgun"]
[Result "0-1"]
[WhiteElo "1649"]
[BlackElo "1848"]
[PlyCount "71"]
[EventDate "2016.01.30"]
[EventType "swiss"]
[EventRounds "11"]
[EventCountry "TUR"]
[SourceTitle "CBM 170 Extra"]
[Source "ChessBase"]
[SourceDate "2016.02.25"]
[SourceVersion "1"]
[SourceVersionDate "2016.02.25"]
[SourceQuality "1"]

1. e4 c5 2. Nf3 d6 3. d4 cxd4 4. Nxd4 Nf6 5. Nc3 a6 6. Bg5 e6 7. f4 Nbd7 8. Qf3 Qc7 9. 0-0-0 b5 10. Bxf6 Nxf6 11. a3 Rb8 12. e5 Bb7 13. Qh3 dxe5 14. fxe5 Qxe5 15. Nf3 Qf4+ 16. Kb1 Bxf3 17. Qxf3 Qxf3 18. gxf3 Bc5 19. Ne4 Nxe4 20. fxe4 Rd8 21. Bd3 Ke7 22. Rhf1 g5 23. h3 h5 24. Be2 Rhg8 25. Rh1 Bd6 26. c3 Bc5 27. Kc2 f5 28. exf5 exf5 29. Rhf1 Kf6 30. Bd3 f4 31. Be4 g4 32. Rh1 f3 33. Rhg1 f2 34. Rgf1 g3 35. Bg2 Rde8 36. Rd3 0-1

[Event "Manavgat Turkey Cup"]
[Site "Manavgat"]
[Date "2016.02.04"]
[Round "8"]
[White "Kerem, Halil Ozgun"]
[Black "Uysal, Ilyas"]
[Result "1/2-1/2"]
[WhiteElo "1848"]
[BlackElo "1752"]
[PlyCount "139"]
[EventDate "2016.01.30"]
[EventType "swiss"]
[EventRounds "11"]
[EventCountry "TUR"]
[SourceTitle "CBM 170 Extra"]
[Source "ChessBase"]
[SourceDate "2016.02.25"]
[SourceVersion "1"]
[SourceVersionDate "2016.02.25"]
[SourceQuality "1"]

1. Nf3 Nf6 2. g3 g6 3. Bg2 Bg7 4. d4 0-0 5. c4 c6 6. 0-0 d5 7. Nbd2 dxc4 8. Nxc4 Be6 9. Nfe5 Bd5 10. b3 Nbd7 11. Nd3 Qb6 12. Bb2 a5 13. Qc1 Qa7 14. Nc5 Rfd8 15. Ba3 Ne4 16. Nxe4 Bxe4 17. Bxe7 Re8 18. Ba3 c5 19. Ne5 Bxg2 20. Kxg2 Nxe5 21. dxe5 Rxe5 22. e3 b6 23. Bb2 Qb7+ 24. Kg1 Rd5 25. Bxg7 Kxg7 26. Qc3+ Kg8 27. Rad1 Rad8 28. Rxd5 Rxd5 29. a4 Qd7 30. Rc1 Qh3 31. f3 Qd7 32. Qc4 Rd2 33. Rc2 Rd1+ 34. Kg2 Qd3 35. Qxd3 Rxd3 36. Rb2 Rxe3 37. Kf2 Rd3 38. f4 f5 39. Ke2 Rd4 40. Rc2 Kf7 41. Rc3 Re4+ 42. Kd1 Ke7 43. h4 Kd6 44. Kc2 c4 45. Kb2 Kc5 46. Ka3 b5 47. axb5 Kxb5 48. bxc4+ Rxc4 49. Rd3 a4 50. Kb2 Kb4 51. Rd7 a3+ 52. Ka2 Rc2+ 53. Kb1 Rg2 54. Rxh7 Rxg3 55. h5 gxh5 56. Rb7+ Kc4 57. Ka2 Kd5 58. Re7 h4 59. Re5+ Kd4 60. Rxf5 Ke4 61. Rh5 h3 62. f5 Kf3 63. f6 Kg2 64. Rf5 Rg8 65. f7 Rf8 66. Kxa3 h2 67. Rg5+ Kf3 68. Rh5 Kg2 69. Rg5+ Kf3 70. Rh5 1/2-1/2